Nate the Great, where are you? / by Marjorie ... Read More
Available copies
- 3 of 4 copies available at LARL/NWRL Consortium.
- 3 of 3 copies available at Northwest Regional Library. (Show preferred library)
Current holds
0 current holds with 4 total copies.
Show All Copies
| Location | Call Number / Copy Notes | Barcode | Shelving Location | Status | Due Date |
|---|---|---|---|---|---|
| Godel Memorial-Warren Library | j SHA (Text) | 35500005404411 | Main | Available | - |
| Red Lake Falls Public Library | j SHA (Text) | 35500005404460 | Main | Available | - |
| Roseau Public Library | j SHA (Text) | 35500005404478 | Main | Available | - |
Record details
- ISBN: 9780385743365 (hardback)
- ISBN: 038574336X (hardback)
- ISBN: 9780375991097 (glb)
- ISBN: 0375991093 (glb)
- Physical Description: 47 pages : color illustrations ; 22 cm.
- Edition: First edition.
- Publisher: New York : Delacorte Press, 2014.
Content descriptions
| Summary, etc.: | "Nate the Great and his dog, Sludge, would like to ... Read More |
Search for related items by subject
| Genre: | Mystery fiction. Fiction. Juvenile works. |
| LDR | 03032cam a2200637 i 4500 | ||
|---|---|---|---|
| 001 | 166072 | ||
| 003 | LARL_NWRL_CONSORTIUM | ||
| 005 | 20140821123729.0 | ||
| 008 | 130820s2014 nyua b 000 1 eng | ||
| 010 | . | ‡a2013028764 | |
| 016 | 7 | . | ‡a016649209 ‡2Uk |
| 019 | . | ‡a856980891 ‡a869803701 | |
| 020 | . | ‡a9780385743365 (hardback) | |
| 020 | . | ‡a038574336X (hardback) | |
| 020 | . | ‡a9780375991097 (glb) | |
| 020 | . | ‡a0375991093 (glb) | |
| 020 | . | ‡z9780449810774 (ebook) | |
| 035 | . | ‡a(OCoLC)856579499 ‡z(OCoLC)856980891 ‡z(OCoLC)869803701 | |
| 040 | . | ‡aDLC ‡beng ‡erda ‡cDLC ‡dYDXCP ‡dOCO ‡dOCP ‡dUOK ‡dWIQ ‡dBTCTA ‡dBDX ‡dUKMGB ‡dDYJ ‡dJBL ‡dOCLCO ‡dUIU ‡dOCLCO ‡dOCLCF | |
| 042 | . | ‡alcac ‡apcc | |
| 050 | 0 | 0. | ‡aPZ7.S5299 ‡bNaz 2014 |
| 082 | 0 | 0. | ‡a[Fic] ‡223 |
| 100 | 1 | . | ‡aSharmat, Marjorie Weinman, ‡eauthor. ‡0(LARL_NWRL_CONSORTIUM)55444 |
| 245 | 1 | 0. | ‡aNate the Great, where are you? / ‡cby Marjorie Weinman Sharmat and Mitchell Sharmat ; illustrated by Jody Wheeler in the style of Marc Simont. |
| 250 | . | ‡aFirst edition. | |
| 260 | . | ‡aNew York : ‡bDelacorte Press, ‡c2014. | |
| 300 | . | ‡a47 pages : ‡bcolor illustrations ; ‡c22 cm. | |
| 336 | . | ‡atext ‡2rdacontent | |
| 337 | . | ‡aunmediated ‡2rdamedia | |
| 338 | . | ‡avolume ‡2rdacarrier | |
| 520 | . | ‡a"Nate the Great and his dog, Sludge, would like to take a break from detective work, but new cases--cases they do not want--await them"-- ‡cProvided by publisher. | |
| 650 | 1. | ‡aMystery and detective stories. ‡0(LARL_NWRL_CONSORTIUM)176113 | |
| 650 | 1. | ‡aDogs ‡vFiction. ‡0(LARL_NWRL_CONSORTIUM)164539 | |
| 650 | 0. | ‡aNate the Great (Fictitious character) ‡vJuvenile fiction. | |
| 650 | 0. | ‡aDetective and mystery stories. ‡0(LARL_NWRL_CONSORTIUM)18458 | |
| 650 | 0. | ‡aDogs ‡vJuvenile fiction. ‡0(LARL_NWRL_CONSORTIUM)164650 | |
| 650 | 7. | ‡aDetective and mystery stories. ‡2fast ‡0(LARL_NWRL_CONSORTIUM)18458 | |
| 650 | 7. | ‡aDogs. ‡2fast ‡0(LARL_NWRL_CONSORTIUM)18684 | |
| 650 | 7. | ‡aNate the Great (Fictitious character) ‡2fast ‡0(LARL_NWRL_CONSORTIUM)41908 | |
| 655 | 7. | ‡aMystery fiction. ‡2gsafd | |
| 655 | 7. | ‡aFiction. ‡2fast | |
| 655 | 7. | ‡aJuvenile works. ‡2fast | |
| 700 | 1 | . | ‡aSharmat, Mitchell, ‡eauthor. ‡0(LARL_NWRL_CONSORTIUM)54456 |
| 700 | 1 | . | ‡aWheeler, Jody, ‡eillustrator. ‡0(LARL_NWRL_CONSORTIUM)76818 |
| 700 | 1 | . | ‡aSimont, Marc, ‡eillustrator. ‡0(LARL_NWRL_CONSORTIUM)54560 |
| 948 | . | ‡hNO HOLDINGS IN LAL - 476 OTHER HOLDINGS | |
| 994 | . | ‡aZ0 ‡bLAL | |
| 901 | . | ‡a166072 ‡bOCLC ‡c166072 ‡tbiblio | |

Add to basket
Permalink
Disable Highlighting